000 00506nam a2200181Ia 4500
003 IN-BaIIA
008 211028s9999 xx 000 0 eng d
020 _a0-12-475953-X
040 _cIIA Library
080 _a52-77
_bAST
245 0 _aAstrophysics
_bpart C: radio observations
_cedited by M. L. Meeks
260 _aNew York
_bAcademic Press
_c1976
300 _axxii, 345p.
650 _a Radio observations
_99074
650 _aAstrophysics 
_99075
700 _aMeeks, M. L., ed.
_99076
942 _cBK
999 _c5091
_d5091